Optimalizácia plánovania materiálových potrieb a podnikových zdrojov diplomová práca

Saved in:
Bibliographic Details
Main Author: Okuliar, Filip
Corporate Author: Fakulta podnikového manažmentu EU. Katedra manažmentu výroby a logistiky - zrušená
Other Authors: Rakovská, Júlia, 1972-
Format: Book
Language:Slovak
Published: Bratislava 2017
Tags: Add Tag
No Tags, Be the first to tag this record!

MARC

LEADER 00000nbm a2200000 4500
001 0232510
005 20171108143615.5
041 0 |a slo 
044 |a SK 
245 1 0 |a Optimalizácia plánovania materiálových potrieb a podnikových zdrojov  |b diplomová práca  |c Filip Okuliar ; školiteľ: Júlia Rakovská 
264 1 |a Bratislava  |c 2017 
300 |a 69 s. 
100 1 |a Okuliar, Filip 
700 1 |a Rakovská, Júlia, 1972- 
710 2 |a Fakulta podnikového manažmentu EU. Katedra manažmentu výroby a logistiky - zrušená